[Event "London Classic Open 2016"]
[Site "London ENG"]
[Date "2016.12.14"]
[Round "7.98"]
[White "Barasi, Paul Dl"]
[Black "Nunbhakdi, Tawin Matthew"]
[Result "0-1"]
[WhiteElo "1770"]
[BlackElo "1923"]
[WhiteFideId "432830"]
[BlackFideId "6203310"]
[EventDate "2016.12.09"]

1. d4 Nf6 2. Bg5 d5 3. Bxf6 exf6 4. e3 Bd6 5. c4 dxc4 6. Bxc4 O-O 7. Nc3 f5 8.
Nf3 a6 9. Rc1 Nd7 10. Qc2 Nf6 11. Bd3 g6 12. O-O Qe7 13. Rfe1 Re8 14. e4 fxe4
15. Nxe4 Nxe4 16. Rxe4 Qd8 17. Rxe8+ Qxe8 18. Re1 Qd8 19. Qb3 b5 20. Be4 Be6 21.
Qe3 Rb8 22. b3 Qf6 23. g3 a5 24. Rc1 a4 25. Qc3 Rb6 26. Kg2 axb3 27. axb3 b4 28.
Qe3 Ra6 29. d5 Bd7 30. Bd3 Ra3 31. Bc4 Ra2 32. Kg1 Bg4 33. Nd2 Qb2 34. Ne4 Be5
35. d6 Bf5 36. dxc7 Ra1 37. Rxa1 Qxa1+ 38. Kg2 Qa8 39. f3 Qa2+ 40. Nf2 Qb2 41.
f4 Bd4 42. Qe8+ Kg7 43. Be2 Qc2 44. g4 Be6 45. Qd8 Ba7 46. Qd1 Qxc7 47. g5 Qxf4
48. Qa1+ Bd4 0-1

[Event "London Classic Open 2016"]
[Site "London ENG"]
[Date "2016.12.14"]
[Round "7.99"]
[White "Chilton, James I"]
[Black "Tirado Parra, Alberto"]
[Result "0-1"]
[WhiteElo "1740"]
[BlackElo "1908"]
[WhiteFideId "423009"]
[BlackFideId "2265354"]
[EventDate "2016.12.09"]

1. e4 d6 2. d4 Nf6 3. Nc3 Nbd7 4. Nf3 e5 5. Bc4 Be7 6. dxe5 dxe5 7. O-O O-O 8.
Re1 c6 9. Be3 b5 10. Bd3 Qc7 11. a4 b4 12. Ne2 Ng4 13. Ng3 Nxe3 14. Rxe3 Nc5 15.
Nf5 Bf6 16. Nd2 g6 17. Rg3 Kh8 18. Rh3 Ne6 19. Nh6 Nf4 20. Re3 Bg7 21. Ng4 h5
22. Nxe5 Bxe5 23. Nc4 Nxd3 24. Rxd3 Bxh2+ 25. Kh1 Bg4 26. f3 Be6 27. Ne3 Rfd8
28. g4 Rxd3 29. cxd3 hxg4 30. Qe1 gxf3 31. Qh4+ Kg7 32. Nf5+ Bxf5 33. exf5 Be5
34. Qxb4 Rh8+ 35. Kg1 a5 36. Qc5 Bxb2 37. f6+ Bxf6 38. Qf2 Qf4 39. d4 Bxd4 0-1

[Event "London Classic Open 2016"]
[Site "London ENG"]
[Date "2016.12.14"]
[Round "7.100"]
[White "Bhavik Ahuja"]
[Black "Newton, Andrew"]
[Result "1/2-1/2"]
[WhiteElo "1344"]
[BlackElo "1887"]
[WhiteFideId "46647392"]
[BlackFideId "2403285"]
[EventDate "2016.12.09"]

1. e4 e6 2. d4 d5 3. Nc3 Bb4 4. exd5 exd5 5. Bd3 Nc6 6. a3 Bxc3+ 7. bxc3 Nge7 8.
Qh5 Be6 9. Rb1 Na5 10. Nf3 b6 11. Ng5 Qd7 12. Nxh7 O-O-O 13. Qe2 f6 14. O-O Bf5
15. Bxf5 Qxf5 16. Qxe7 Rxh7 17. Re1 Rdh8 18. h3 Kb7 19. Qe6 Qxc2 20. Qxd5+ c6
21. Qd7+ Ka6 22. Bb2 g5 23. Qe6 Qg6 24. f3 Qc2 25. Qe2+ 1/2-1/2

[Event "London Classic Open 2016"]
[Site "London ENG"]
[Date "2016.12.14"]
[Round "7.101"]
[White "Bird, Joel"]
[Black "Rushbrooke, Remy"]
[Result "1-0"]
[WhiteElo "2171"]
[BlackElo "1651"]
[WhiteFideId "429252"]
[BlackFideId "443590"]
[EventDate "2016.12.09"]

1. e4 e5 2. Nf3 Nf6 3. Nxe5 d6 4. Nf3 Nxe4 5. d4 d5 6. Bd3 Bd6 7. c4 c6 8. O-O
O-O 9. Nc3 Nxc3 10. bxc3 Bg4 11. cxd5 cxd5 12. Bxh7+ Kxh7 13. Qd3+ g6 14. Ng5+
Kg7 15. h3 Bf5 16. Qd1 f6 17. Nf3 Rh8 18. Kh1 Be4 19. Ng1 Qc8 20. f3 Bf5 21. g4
Be6 22. Qe2 Qc4 23. Qxe6 Qc6 24. Qe3 Nd7 25. Bd2 Nb6 26. Qd3 Nc4 27. Kg2 Rac8
28. Rab1 b6 29. Ne2 Nxd2 30. Qxd2 Rxh3 31. Rh1 Rhh8 32. Rxh8 Rxh8 33. Rh1 Rxh1
34. Kxh1 Qe8 35. Kg2 Qa4 36. Nc1 Qc4 37. Nd3 a5 38. g5 fxg5 39. Ne5 Bxe5 40.
dxe5 g4 41. f4 Qe4+ 42. Kg1 g5 43. f5 Qxf5 44. Qxd5 g3 45. Qb7+ Qf7 46. Qxb6
Qf2+ 47. Qxf2 gxf2+ 48. Kxf2 Kg6 49. Ke3 Kf5 50. Kd4 g4 51. Kd5 g3 52. e6 g2 53.
e7 g1=Q 54. e8=Q Qd1+ 55. Kc5 Qg1+ 56. Kb5 Qb1+ 57. Kxa5 Qxa2+ 58. Qa4 Qd2 59.
Qb5+ Ke6 60. Qc6+ Ke5 61. Qc5+ Ke6 62. Kb5 Kd7 63. Qc6+ Kd8 64. c4 Qd3 65. Kb6
Qd4+ 66. c5 Qb2+ 67. Ka7 Qa3+ 68. Kb7 Qg3 69. Qc8+ 1-0

[Event "London Classic Open 2016"]
[Site "London ENG"]
[Date "2016.12.14"]
[Round "7.102"]
[White "Dror, Levi"]
[Black "Garcia Serrano, Jose M.2"]
[Result "1-0"]
[WhiteElo "1698"]
[BlackElo "1913"]
[WhiteFideId "2809583"]
[BlackFideId "2285215"]
[EventDate "2016.12.09"]

1. e4 e5 2. Nf3 Nc6 3. Bb5 a6 4. Ba4 Nf6 5. d3 b5 6. Bb3 h6 7. c3 Bc5 8. O-O Bb6
9. h3 d6 10. Re1 g5 11. Be3 g4 12. hxg4 Bxg4 13. Bxb6 cxb6 14. Nbd2 Rg8 15. d4
Nh5 16. Nf1 Nf4 17. g3 Qf6 18. N1h2 Bh5 19. Bd5 Rc8 20. Bxc6+ Rxc6 21. Re3 Ke7
22. Kf1 Nh3 23. Qd2 Rgc8 24. Rd1 Kf8 25. dxe5 dxe5 26. Qd7 Ng5 27. Nxg5 hxg5 28.
Rdd3 a5 29. Qh3 Bg6 30. Ng4 Qg7 31. Rd5 f6 32. Rxb5 Ke7 33. Rd5 Rh8 34. Qg2 Rd6
35. Red3 Rxd5 36. Rxd5 Qh7 37. Rd7+ Kxd7 38. Nxf6+ Ke6 39. Nxh7 Rxh7 40. f3 Rd7
41. Qh3+ Ke7 42. Qg4 Rd1+ 43. Ke2 Rb1 44. Qxg5+ Kf7 45. Qxe5 Rxb2+ 46. Ke3 Kg8
47. a3 Rb3 48. Kf4 Rxa3 49. Kg5 Bf7 50. Kh6 1-0

[Event "London Classic Open 2016"]
[Site "London ENG"]
[Date "2016.12.14"]
[Round "7.103"]
[White "Jekel, Wolfgang"]
[Black "Balaji, Aaravamudhan"]
[Result "1-0"]
[WhiteElo "1790"]
[BlackElo "1634"]
[WhiteFideId "4690370"]
[BlackFideId "436224"]
[EventDate "2016.12.09"]

1. f4 d5 2. Nf3 Nf6 3. b3 g6 4. Bb2 Bg7 5. e3 Nc6 6. Bb5 Bd7 7. d3 O-O 8. Nbd2
a6 9. Bxc6 Bxc6 10. Qe2 e6 11. Ne5 Qd6 12. a4 Rfe8 13. O-O Bd7 14. Ba3 Qb6 15.
d4 a5 16. Ra2 Qa6 17. Qxa6 Rxa6 18. g4 Bc6 19. g5 Nd7 20. Nxd7 Bxd7 21. Nf3 Rc8
22. Rc1 b5 23. axb5 Bxb5 24. Bc5 Rb8 25. Rca1 Rba8 26. Kf2 a4 27. bxa4 Rxa4 28.
Rxa4 Rxa4 29. Rxa4 Bxa4 30. c3 Bf8 31. Bxf8 Kxf8 32. Ne5 Ke7 33. Ng4 Kf8 34. Ke2
Kg7 35. Kd2 Bb3 36. Kc1 f5 37. Ne5 Kf8 38. Kb2 Ba4 39. Ka3 Be8 40. Kb4 Ke7 41.
Kc5 Ba4 42. Nd3 Kd7 43. Nb2 Bc2 44. c4 dxc4 45. Nxc4 Ba4 46. Ne5+ Ke7 47. Nd3
Bc2 48. Nb4 Be4 49. Na2 Bc2 50. Nc3 Bd3 51. d5 Kd7 52. dxe6+ Kxe6 53. Kc6 Bc4
54. Kxc7 Ke7 55. Kc6 Ke6 56. Kc5 Bb3 57. Nb5 Kd7 58. Nc3 Ke6 59. Kd4 Bc2 60. Nd5
Bb1 61. Nf6 h5 62. Nd5 Be4 63. Nb6 Bc6 64. Kc5 Be4 65. Nc4 Kf7 66. Kd6 Bc2 67.
Ne5+ Kg7 68. Ke7 Bb3 69. Nc6 Bd5 70. Nd4 Kg8 71. Kf6 Bf7 72. Nc6 Be8 73. Ne5 Kh7
74. h4 Bb5 75. Nxg6 Bd3 76. Ne7 Bc4 77. Nxf5 Bg8 78. e4 Kh8 79. Ng3 Kh7 80. Nxh5
Kh8 81. Ng3 Kh7 82. e5 Kh8 83. e6 Bxe6 84. Kxe6 Kh7 85. h5 Kh8 86. Kf6 Kh7 87.
f5 Kg8 88. Kg6 Kh8 89. Ne4 Kg8 90. Nd6 Kh8 91. h6 Kg8 92. h7+ 1-0

[Event "London Classic Open 2016"]
[Site "London ENG"]
[Date "2016.12.14"]
[Round "7.104"]
[White "Mohnblatt, Daniel"]
[Black "Ignatovic, Ernest"]
[Result "0-1"]
[WhiteElo "1769"]
[BlackElo "1630"]
[WhiteFideId "648582"]
[BlackFideId "12806986"]
[EventDate "2016.12.09"]

1. d4 Nf6 2. Nf3 d6 3. c4 g6 4. e3 Bg7 5. Be2 O-O 6. Nc3 c6 7. O-O Nbd7 8. Qc2
e5 9. dxe5 dxe5 10. b4 Qc7 11. Bb2 Re8 12. Rfd1 a5 13. a3 axb4 14. axb4 Rxa1 15.
Bxa1 Nb6 16. Na4 Bf5 17. Qb3 Nfd7 18. Nxb6 Nxb6 19. c5 Nd5 20. Bc4 Be6 21. Ng5
Qc8 22. Nxe6 fxe6 23. e4 Nf4 24. g3 Nh3+ 25. Kg2 Ng5 26. f3 Rf8 27. Rd3 Rd8 28.
h4 Rxd3 29. Qxd3 Nf7 30. Bc3 Qd8 31. Qxd8+ Nxd8 32. Kf2 Kf7 33. Ke2 Bf6 34. Kd3
Ke7 35. Kc2 Nf7 36. Kb3 h5 37. Ka4 Kd7 38. b5 Be7 39. Bb4 g5 40. hxg5 Nxg5 41.
Be2 Nh3 42. b6 Nf2 43. Kb3 Nh1 44. g4 Ng3 45. Bd3 h4 46. Be1 Bxc5 47. g5 Ke7 48.
Ba6 Bxb6 49. Bxb7 Be3 50. Bxc6 Bxg5 51. Bb5 Bf4 52. Bxg3 Bxg3 53. Bf1 Kf6 54.
Kc3 Kg5 55. Kd3 Bf2 56. Ke2 Bc5 57. Bh3 Kf4 58. Bxe6 Kg3 59. Bf5 h3 60. Bxh3
Kxh3 61. f4 exf4 62. Kf3 Bd6 0-1

[Event "London Classic Open 2016"]
[Site "London ENG"]
[Date "2016.12.14"]
[Round "7.106"]
[White "Solli, Oddvar"]
[Black "Lie, Terje"]
[Result "1-0"]
[WhiteElo "1731"]
[BlackElo "1563"]
[WhiteFideId "1501208"]
[BlackFideId "1504916"]
[EventDate "2016.12.09"]

1. e4 e5 2. Nf3 Nc6 3. Bb5 a6 4. Ba4 Bc5 5. c3 b5 6. Bb3 Nf6 7. O-O O-O 8. d4
exd4 9. cxd4 Ba7 10. e5 Ne8 11. Bg5 Ne7 12. Nc3 Bb7 13. Nd5 Bxd5 14. Bxd5 c6 15.
Be4 h6 16. Bh4 Nc7 17. Bc2 Qe8 18. Qd3 g6 19. Bxe7 Qxe7 20. Nd2 Nd5 21. a3 Kg7
22. Rad1 Nf4 23. Qf3 Nd5 24. Ne4 a5 25. Bb3 Nb6 26. Rfe1 a4 27. Ba2 Rad8 28. Nf6
b4 29. d5 b3 30. d6 Qe6 31. Bb1 Nc4 32. Qc3 Bb6 33. Re4 Nxe5 34. Ng4 f6 35. Nxe5
fxe5 36. Rxe5 Bxf2+ 37. Kh1 Qf6 38. Re7+ Kh8 39. Qh3 Bh4 40. Qd3 Qf5 41. Qe3 Qf6
42. Qxh6+ 1-0

[Event "London Classic Open 2016"]
[Site "London ENG"]
[Date "2016.12.14"]
[Round "7.107"]
[White "Burke, John S"]
[Black "Roebuck, Derek"]
[Result "1-0"]
[WhiteElo "2055"]
[BlackElo "1653"]
[WhiteFideId "404322"]
[BlackFideId "3226999"]
[EventDate "2016.12.09"]

1. e4 e5 2. Bc4 Nf6 3. d3 Nc6 4. Nf3 Be7 5. c3 O-O 6. Bb3 d5 7. Qe2 dxe4 8. dxe4
Bg4 9. h3 Bh5 10. Nbd2 a6 11. O-O h6 12. g4 Bg6 13. Nh4 Kh8 14. Nf5 Nh7 15. Nf3
Ng5 16. Rd1 Nxf3+ 17. Qxf3 Bd6 18. Kh1 Qf6 19. Rg1 Bxf5 20. gxf5 Rg8 21. Qh5
Raf8 1-0

[Event "London Classic Open 2016"]
[Site "London ENG"]
[Date "2016.12.14"]
[Round "7.108"]
[White "Cotter, Len"]
[Black "Haddock, Paul"]
[Result "1-0"]
[WhiteElo "1758"]
[BlackElo "1569"]
[WhiteFideId "431419"]
[BlackFideId "419150"]
[EventDate "2016.12.09"]

1. d4 Nf6 2. c4 g6 3. Nc3 Bg7 4. e4 d6 5. f4 O-O 6. Nf3 Nbd7 7. Be2 e5 8. dxe5
dxe5 9. fxe5 Ng4 10. Bg5 f6 11. exf6 Bxf6 12. Bxf6 Ndxf6 13. Bd3 Qe7 14. Qe2 Qc5
15. Nd1 Bd7 16. h3 Ne5 17. Nxe5 Qxe5 18. Nc3 Qg3+ 19. Kd2 Be6 20. Rhf1 Rad8 21.
Rf3 Qe5 22. Kc2 c6 23. Raf1 a6 24. g4 b5 25. b3 b4 26. Na4 Kg7 27. Qf2 Nxe4 28.
Qe3 Qh2+ 29. Kc1 Rxf3 30. Rxf3 Qh1+ 31. Rf1 Rxd3 32. Qxd3 Qg2 33. Rd1 Kh6 34.
Qe3+ Kg7 35. Re1 Nc3 36. Nxc3 bxc3 37. Qxc3+ Kf7 38. Qe3 Bc8 39. Qa7+ Kf8 40.
Qc5+ Kg7 41. Re7+ Kh6 42. Qe3+ g5 43. Re5 Qf1+ 44. Kb2 Qf6 45. h4 Kg6 46. Ka3
gxh4 47. Qe4+ Kg7 48. Re7+ Kf8 49. Re8+ Kf7 50. Rxc8 Qd6+ 51. b4 Kg7 52. Rxc6
Qg3+ 53. Ka4 h3 54. Qe7+ 1-0

[Event "London Classic Open 2016"]
[Site "London ENG"]
[Date "2016.12.14"]
[Round "7.109"]
[White "Kretov, Ivan"]
[Black "Thatte, Nishchal"]
[Result "1-0"]
[WhiteElo "1674"]
[BlackElo "1495"]
[WhiteFideId "24194484"]
[BlackFideId "447234"]
[EventDate "2016.12.09"]

1. d4 e6 2. c4 d5 3. e3 c5 4. Nf3 Nc6 5. cxd5 exd5 6. Nc3 Nf6 7. Bb5 Be7 8. O-O
O-O 9. Bxc6 bxc6 10. Ne5 Qc7 11. b3 Bf5 12. g4 Bg6 13. f4 Ne4 14. Bb2 f5 15.
Nxe4 dxe4 16. g5 Be8 17. Rf2 Bd6 18. d5 Rd8 19. Rd2 Be7 20. Rc1 Rd6 21. dxc6
Rxd2 22. Qxd2 Bxc6 23. Qc3 Bb7 24. Qc4+ Kh8 25. Nf7+ Rxf7 26. Qxf7 Bf6 27. Qf8# 1-0

[Event "London Classic Open 2016"]
[Site "London ENG"]
[Date "2016.12.14"]
[Round "7.110"]
[White "Kalerwa, Edwin M"]
[Black "Witt, Holger"]
[Result "1-0"]
[WhiteElo "1756"]
[BlackElo "1628"]
[WhiteFideId "422223"]
[BlackFideId "24678139"]
[EventDate "2016.12.09"]

1. c4 Nf6 2. Nc3 g6 3. d4 Bg7 4. e4 d6 5. g3 O-O 6. Bg2 a6 7. Nge2 c6 8. h3 b5
9. b3 Nbd7 10. Be3 Rb8 11. cxb5 axb5 12. Rc1 c5 13. O-O b4 14. Na4 cxd4 15. Nxd4
Bb7 16. f3 Rc8 17. Qd2 Qa5 18. a3 Qa8 19. axb4 Rxc1 20. Rxc1 Rc8 21. b5 Nh5 22.
g4 Nhf6 23. Kh2 Qb8 24. Nc6 Bxc6 25. bxc6 Ne5 26. f4 Nexg4+ 27. hxg4 Nxg4+ 28.
Kg3 h5 29. Nb6 Rc7 30. b4 Nxe3 31. Qxe3 Bh6 32. Nd5 e5 33. Qc3 exf4+ 34. Kf3 Bg7
35. Qc4 Ra7 36. c7 Ra3+ 37. Ke2 Qa7 38. c8=Q+ Kh7 39. Qh3 Rxh3 40. Bxh3 Qa3 41.
Nxf4 Qb2+ 42. Rc2 Qe5 43. Kf3 Bh6 44. Qxf7+ Bg7 45. Qxg6+ 1-0

[Event "London Classic Open 2016"]
[Site "London ENG"]
[Date "2016.12.14"]
[Round "7.111"]
[White "Leko, Ian E"]
[Black "Bratteteig, Tore-Inge"]
[Result "1-0"]
[WhiteElo "1588"]
[BlackElo "1698"]
[WhiteFideId "452173"]
[BlackFideId "1510711"]
[EventDate "2016.12.09"]

1. e4 e6 2. d4 d5 3. Nd2 dxe4 4. Nxe4 Nd7 5. Nf3 Ngf6 6. Nxf6+ Nxf6 7. c3 c5 8.
Ne5 a6 9. Be3 Qc7 10. Qa4+ Bd7 11. Nxd7 Nxd7 12. O-O-O Rd8 13. Be2 b5 14. Qxa6
b4 15. Bb5 bxc3 16. dxc5 cxb2+ 17. Kb1 Bxc5 18. Rxd7 Rxd7 19. Rd1 Bxe3 20. Bxd7+
Ke7 21. fxe3 Rd8 22. Qb5 Rxd7 23. Rxd7+ Qxd7 24. Qxd7+ Kxd7 25. Kxb2 Kc6 26. Kc3
Kc5 27. a4 f6 28. e4 f5 29. exf5 exf5 30. a5 g5 31. a6 Kb6 32. Kd4 Kxa6 33. Ke5
f4 34. Kf5 h6 35. Kg4 Kb6 36. h4 gxh4 37. Kxf4 Kc6 38. Kg4 Kd6 39. Kxh4 Ke5 40.
Kg4 Ke4 41. Kh5 Kf5 42. g3 Ke5 43. Kxh6 Kf5 44. Kh5 Kf6 45. g4 Kg7 46. Kg5 Kg8
47. Kg6 Kh8 48. Kf7 1-0

[Event "London Classic Open 2016"]
[Site "London ENG"]
[Date "2016.12.14"]
[Round "7.112"]
[White "Spychala, Josefa"]
[Black "De Lagontrie, Jean"]
[Result "0-1"]
[WhiteElo "1466"]
[BlackElo "1746"]
[WhiteFideId "1136208"]
[BlackFideId "605271"]
[EventDate "2016.12.09"]

1. d4 Nf6 2. Nf3 d5 3. e3 e6 4. c4 c6 5. Nc3 Nbd7 6. Bd3 dxc4 7. Bxc4 b5 8. Bd3
Bb7 9. O-O b4 10. Ne4 Nxe4 11. Bxe4 Nf6 12. Bd3 Be7 13. Be2 O-O 14. b3 Qb6 15.
Bb2 Rfd8 16. Bc4 Bd6 17. Qe2 Ne4 18. Rac1 a5 19. Rfd1 c5 20. dxc5 Bxc5 21. Rxd8+
Rxd8 22. Rd1 Nc3 23. Rxd8+ Qxd8 24. Bxc3 bxc3 25. Qc2 Qf6 26. Bd3 h5 27. Be4 Ba6
28. Bd3 Bxd3 29. Qxd3 c2 0-1

[Event "London Classic Open 2016"]
[Site "London ENG"]
[Date "2016.12.15"]
[Round "8.1"]
[White "Aravindh, Chithambaram VR."]
[Black "Bacrot, Etienne"]
[Result "0-1"]
[WhiteTitle "GM"]
[BlackTitle "GM"]
[WhiteElo "2566"]
[BlackElo "2689"]
[WhiteFideId "5072786"]
[BlackFideId "605506"]
[EventDate "2016.12.09"]

1. e4 e5 2. Nf3 Nc6 3. Bb5 Nf6 4. d3 Bc5 5. c3 O-O 6. O-O d6 7. Nbd2 Ne7 8. d4
exd4 9. cxd4 Bb6 10. Re1 Bg4 11. h3 Bh5 12. Qb3 Nc6 13. d5 Nb8 14. Nf1 c6 15.
dxc6 bxc6 16. Ba4 Nbd7 17. Qa3 Rb8 18. Bd2 Bxf3 19. Qxf3 Bd4 20. Bc3 Ne5 21. Qd1
Bxc3 22. bxc3 Qa5 23. Bb3 Qxc3 24. Qxd6 Nd3 25. Qg3 Nh5 26. Qe3 Nhf4 27. Red1 c5
28. Nd2 Rb6 29. Kh2 Rh6 30. Nc4 Qf6 31. e5 Qc6 32. Rg1 Rg6 33. f3 Qd7 34. g4 Rh6
35. Rg3 Qd4 36. Qxd4 cxd4 37. g5 Rc6 38. Rg4 Rfc8 39. Rxf4 Nxf4 40. Rb1 d3 41.
Rb2 Ne6 42. Ne3 Rc5 0-1

[Event "London Classic Open 2016"]
[Site "London ENG"]
[Date "2016.12.15"]
[Round "8.2"]
[White "Gupta, Abhijeet"]
[Black "Melkumyan, Hrant"]
[Result "1-0"]
[WhiteTitle "GM"]
[BlackTitle "GM"]
[WhiteElo "2634"]
[BlackElo "2633"]
[WhiteFideId "5010608"]
[BlackFideId "13302485"]
[EventDate "2016.12.09"]

1. d4 Nf6 2. c4 e6 3. Nc3 Bb4 4. Qc2 d5 5. cxd5 Qxd5 6. Nf3 Qf5 7. Qxf5 exf5 8.
a3 Be7 9. Bf4 c6 10. e3 Be6 11. Nd2 Nbd7 12. Nc4 Bxc4 13. Bxc4 Nh5 14. Be5 O-O
15. h3 Nxe5 16. dxe5 g6 17. g4 Ng7 18. Ke2 Rad8 19. f4 Rd7 20. gxf5 gxf5 21.
Rag1 Rfd8 22. Nb1 b5 23. Bb3 Bc5 24. Bc2 Kh8 25. Rg2 Re7 26. Nd2 f6 27. Nf3 a5
28. Bb1 Bb6 29. Rc1 fxe5 30. Nxe5 Rd6 31. Ba2 Rf6 32. h4 c5 33. a4 bxa4 34. h5
Bc7 35. Rxc5 Ne6 36. Rc6 h6 37. Bxe6 Rfxe6 38. Ng6+ Rxg6 39. Rgxg6 Bxf4 40. Rge6
Rxe6 41. Rxe6 Bg5 42. Ra6 Kg7 43. Ra7+ Kf6 44. Rxa5 f4 45. exf4 Bxf4 46. Rxa4 1-0

[Event "London Classic Open 2016"]
[Site "London ENG"]
[Date "2016.12.15"]
[Round "8.3"]
[White "Lenderman, Aleksandr"]
[Black "Safarli, Eltaj"]
[Result "1/2-1/2"]
[WhiteTitle "GM"]
[BlackTitle "GM"]
[WhiteElo "2581"]
[BlackElo "2691"]
[WhiteFideId "2021285"]
[BlackFideId "13402129"]
[EventDate "2016.12.09"]

1. d4 Nf6 2. c4 g6 3. g3 c6 4. Bg2 d5 5. cxd5 cxd5 6. Nc3 Bg7 7. Nf3 O-O 8. Ne5
e6 9. O-O Nfd7 10. f4 Nc6 11. b3 f6 12. Nxd7 Qxd7 13. Ba3 Rd8 14. Rc1 f5 15. e3
b6 16. Rf2 Ba6 17. Rfc2 Rac8 18. Bf1 Nb8 19. Bxa6 Nxa6 20. Qe2 Nc7 21. Nd1 Ne8
22. Qa6 Rxc2 23. Rxc2 Rb8 24. Nf2 Rb7 25. Nd3 Rc7 26. Rxc7 Qxc7 27. Ne5 Bxe5 28.
dxe5 Qc2 29. Qxa7 Qd1+ 30. Kf2 Qd2+ 31. Kf1 Qd3+ 32. Kf2 1/2-1/2

[Event "London Classic Open 2016"]
[Site "London ENG"]
[Date "2016.12.15"]
[Round "8.4"]
[White "Hovhannisyan, Robert"]
[Black "Blomqvist, Erik"]
[Result "1/2-1/2"]
[WhiteTitle "GM"]
[BlackTitle "GM"]
[WhiteElo "2630"]
[BlackElo "2567"]
[WhiteFideId "13302507"]
[BlackFideId "1709437"]
[EventDate "2016.12.09"]

1. e4 e5 2. Nf3 Nc6 3. Bb5 a6 4. Ba4 Nf6 5. d3 d6 6. c3 g6 7. h3 Bg7 8. Be3 O-O
9. O-O b5 10. Bc2 Bb7 11. Nbd2 Re8 12. a4 Nb8 13. b4 Nbd7 14. Nb3 Rb8 15. axb5
axb5 16. Ra7 Qc8 17. Na5 Ba8 18. Bb3 d5 19. exd5 Bxd5 20. Bxd5 Nxd5 21. Ng5 h6
22. Qb3 Nxe3 23. fxe3 hxg5 24. Rxf7 Kh8 25. Qd5 Nf6 26. Qf3 e4 27. dxe4 Nd7 28.
Qd1 Ra8 29. Rxa8 Qxa8 30. Qxd7 Qxe4 31. Rf3 Bxc3 32. Qxb5 Rd8 33. Qxg5 Rd1+ 34.
Rf1 Rxf1+ 35. Kxf1 Qd3+ 36. Kf2 Qd2+ 37. Kf3 Qd1+ 38. Ke4 Qc2+ 39. Kd5 Qd3+ 40.
Kc6 Qd6+ 41. Kb7 Qxb4+ 42. Kc8 Qxa5 43. Qh6+ Kg8 44. Qxg6+ Bg7 45. Qe8+ Kh7 46.
Qe4+ Kg8 47. Qc4+ Kf8 48. Qxc7 Qa8+ 49. Qb8 Qc6+ 50. Qc7 Qxg2 51. Qd8+ Kf7 52.
Qd7+ Kg8 53. Qe8+ Kh7 54. Qh5+ Kg8 55. Qe8+ Kh7 1/2-1/2

[Event "London Classic Open 2016"]
[Site "London ENG"]
[Date "2016.12.15"]
[Round "8.5"]
[White "Schroeder, Jan-Christian"]
[Black "Maze, Sebastien"]
[Result "0-1"]
[WhiteTitle "GM"]
[BlackTitle "GM"]
[WhiteElo "2541"]
[BlackElo "2608"]
[WhiteFideId "24662259"]
[BlackFideId "613762"]
[EventDate "2016.12.09"]

1. e4 c5 2. Nf3 d6 3. d4 cxd4 4. Nxd4 Nf6 5. Nc3 a6 6. g3 g6 7. Bg2 Bg7 8. O-O
O-O 9. h3 Nc6 10. Be3 Bd7 11. Nd5 Rc8 12. Ne2 Ne5 13. Bb6 Qe8 14. b3 Bc6 15. Bd4
Ned7 16. c4 e6 17. Nxf6+ Nxf6 18. Qd3 d5 19. exd5 exd5 20. Rac1 dxc4 21. bxc4
Bxg2 22. Kxg2 Qc6+ 23. Qf3 Rfe8 24. Nf4 Qxf3+ 25. Kxf3 Ne4 26. Rfd1 Bxd4 27.
Rxd4 Nc5 28. Rb1 Red8 29. Rd5 Kf8 30. h4 h5 31. Ke3 Re8+ 32. Kf3 Rc7 33. Rd4 Kg7
34. Rbd1 Re5 35. Rd5 Re8 36. R5d4 Rc6 37. Rd6 Rxd6 38. Rxd6 Re4 39. Nd3 Rxc4 40.
Nxc5 Rxc5 41. Rb6 Rc3+ 42. Kf4 Rc2 43. f3 Rxa2 44. Rxb7 a5 45. Ra7 a4 46. Ra5 a3
47. Ra6 Ra1 48. Kg5 a2 49. Kf4 f6 50. Ra7+ Kf8 51. Ra8+ Ke7 52. Ra7+ Ke6 53.
Ra6+ Kd5 54. Ra5+ Kd4 55. Ra4+ Kd3 56. Ra3+ Ke2 57. Ke4 Kf2 58. Kf4 Kg2 59. Ra6
Kh3 60. Ra4 Rb1 61. Rxa2 Rb4+ 62. Ke3 Kxg3 63. Ra1 Kxh4 64. Rg1 g5 65. Kf2 g4 0-1

[Event "London Classic Open 2016"]
[Site "London ENG"]
[Date "2016.12.15"]
[Round "8.6"]
[White "Bok, Benjamin"]
[Black "Hebden, Mark L"]
[Result "1/2-1/2"]
[WhiteTitle "GM"]
[BlackTitle "GM"]
[WhiteElo "2598"]
[BlackElo "2492"]
[WhiteFideId "1017063"]
[BlackFideId "400084"]
[EventDate "2016.12.09"]

1. d4 Nf6 2. c4 g6 3. g3 Bg7 4. Bg2 O-O 5. Nc3 d6 6. Nf3 Nbd7 7. O-O e5 8. e4 c6
9. b3 a6 10. Bb2 Re8 11. Qc2 b5 12. cxb5 cxb5 13. Rfd1 Bb7 14. dxe5 dxe5 15. Nd5
Nxd5 16. exd5 Rc8 17. Qe2 e4 18. Nd4 Qb6 19. Nc6 Bxb2 20. Qxb2 Bxc6 21. dxc6 Nc5
22. Qd4 Rxc6 23. Qe3 Rce6 24. Bf1 Nb7 25. Qxb6 Rxb6 26. Rac1 Kf8 27. a4 bxa4 28.
bxa4 Re5 29. Rc7 Nc5 30. a5 Rf6 31. Bc4 Nd3 32. Bxd3 exd3 33. Rxd3 Re2 34. f4
Ra2 35. Rdc3 Rxa5 36. Rc2 h6 37. Kg2 g5 38. fxg5 hxg5 39. R7c4 Rb5 40. Kh3 Kg7
41. Rc6 a5 42. Kg4 Re5 43. R2c5 Rxc6 44. Rxc6 Re6 45. Rc5 Ra6 46. Kxg5 a4 47.
Rc2 a3 48. Ra2 Ra5+ 49. Kf4 Kf6 50. Ke4 Ra4+ 51. Kd5 Kf5 52. h3 f6 53. Rf2+ Kg5
54. Ra2 Kf5 55. Rf2+ Kg5 56. Ra2 Kf5 1/2-1/2

[Event "London Classic Open 2016"]
[Site "London ENG"]
[Date "2016.12.15"]
[Round "8.7"]
[White "Istratescu, Andrei"]
[Black "Karthikeyan, Murali"]
[Result "1/2-1/2"]
[WhiteTitle "GM"]
[BlackTitle "GM"]
[WhiteElo "2596"]
[BlackElo "2530"]
[WhiteFideId "1200372"]
[BlackFideId "5074452"]
[EventDate "2016.12.09"]

1. d4 d5 2. c4 c6 3. Nf3 Nf6 4. Nc3 a6 5. Ne5 Nbd7 6. Bf4 e6 7. e3 Nxe5 8. Bxe5
Be7 9. Qc2 O-O 10. O-O-O b5 11. c5 Nd7 12. Bg3 e5 13. Bd3 h6 14. Bh7+ Kh8 15.
Bf5 exd4 16. exd4 Re8 17. Ne2 Bg5+ 18. Kb1 Nf8 19. Bxc8 Rxc8 20. Ng1 Bf6 21. Nf3
Ng6 22. h4 Re4 23. h5 Nf4 24. Bxf4 Rxf4 25. Rhe1 Qd7 26. Ne5 Bxe5 27. Rxe5 Re8
28. Rxe8+ Qxe8 29. f3 Qe3 30. Qd3 Qxd3+ 31. Rxd3 a5 32. Re3 Rxd4 33. Re8+ Kh7
34. Rc8 Rc4 35. Rxc6 d4 36. g4 d3 37. Rd6 Rxc5 38. Rxd3 f5 39. Rd4 Kg8 40. b4
axb4 41. Rxb4 Kf7 42. Kb2 Kf6 43. Rd4 Ke5 44. Rd7 Kf4 45. Rxg7 Kxf3 46. g5 f4
47. gxh6 Rxh5 48. h7 Ke2 49. Re7+ Kf2 50. Kc3 f3 51. Kb4 Kg2 52. Rg7+ Kf1 53. a3
f2 54. Re7 Kg2 55. Rg7+ Kf3 56. Rf7+ Kg2 57. Rg7+ 1/2-1/2